00676cam a2200205 a 450000100040000000500170000402000230002104000250004405000220006908200150009110000230010624500440012926000470017330000500022050500060027052001380027652100180041452100180043265000200045046820250327111342.0 a0060256656 (trade) aDLCcDLCbengdFISKH00aPZ7.S588bGi 200300a813.542221 aSilverstein, Shel.14aThe giving tree /cby Shel Silverstein. aNewYork :bHarperCollinsPublishers,c2003. a28 leaves of plates:billustrations ;c27 cm. aH aA young boy grows to manhood and old age experiencing the love and generosity of a tree which gives to him without thought of return. a530 bLexile aH bRaz-Plus 1aTreesvFiction.